LDR 00558naa#a2200181#i#450# 001 EN\\bibl\119396 005 20260426114810.7 011 ## _a2782-4586 100 ## _a20260331b2026####ek#y0engy0150####ca 102 ## _aRU 200 1# _aMarketing strategies of chinese car dealers in the russian market under conditions of sanctions pressure _eJournal article 210 1# _aMoscow _cITBO University _d2026 215 ## _a6 с. 608 ## _aJournal article _2local 675 ## _aМаркетинг. 339.138 _z 700 #1 _aKetoeva _gN. L. 700 #1 _aKryukov _gK. S. 856 4# _ajomeam.ru _u